Govt. of
Madhya Pradesh

Sardar Vallabhbhai Patel (Record no. 68472)

MARC details
000 -LEADER
fixed length control field 00251nam a22001097a 4500
082 ## - DEWEY DECIMAL CLASSIFICATION NUMBER
Classification number 920/JOS
100 ## - MAIN ENTRY--AUTHOR NAME
Personal name Joshi,Sanjay P.
245 ## - TITLE STATEMENT
Title Sardar Vallabhbhai Patel
260 ## - PUBLICATION, DISTRIBUTION, ETC. (IMPRINT)
Place of publication New Delhi
Name of publisher Hawak Prees
Year of publication 2022
650 ## - SUBJECT ADDED ENTRY--TOPICAL TERM
Topical Term Biography
942 ## - ADDED ENTRY ELEMENTS (KOHA)
Koha item type Books
Holdings
Withdrawn status Lost status Damaged status Not for loan Home library Current library Date acquired Cost, normal purchase price Full call number Accession Number Price effective from Koha item type
        MACL MACL 17/12/2025 1195.00 920/JOS CRE040330 17/12/2025 Books